000 00262nam a2200109Ia 4500
008 190902s9999||||xx |||||||||||||| ||und||
100 _aAlan M. Rugman
245 0 _aInternational Business
260 _aLondon
_bThe McGraw-Hill
_c2004
300 _a628
942 _cBK
999 _c2799
_d2799